000 00585nam a2200217Ia 4500
003 OSt
005 20220923230413.0
006 a|||||r|||| 00| 0
007 ta
008 Pun
024 _a281,545
037 _cTextual
040 _aARTS
_cARTS
_bPun
041 _2Pun
_aPun
082 _aO153,3M81:g, L6
100 _aਅਬਨਾF ਕੌਰ
245 0 _aਪੰਜਾਬੀ ਨੂੰ ਭਾਈ ਮੋਹਨ ਸਿੰਘ ਵੈਦ ਦੀ ਦੇਣ
260 _c1976
942 _hO153,3M81:g, L6
_cTEXL
_2CC
999 _c384623
_d384623